=LDR 00000nam 2200000 4500 =001 INLIS000000000036130 =005 20140617125422.0 =006 =007 =008 Ind =035 ##$$a 0010-061300000036130 =041 ##$$a Ind =082 ##$$a 028.5 =090 ##$$a 028.5, Ann c =100 ##$$a Ann, Anthony =245 ##$$a Cerdas bersama poc n pic, antariksa, oleh Anthony Ann dan Selviye Hanna =260 ##$$a 2011 $b Jakarta =300 ##$$a 161 hlm, ilus, 24 cm =650 ##$$a Bacaan kanak-kanak =700 ##$$a Hanna, Selviya =850 ##$$a NBPNMAT =990 ##$$a 21400613/BPAP-NTB/20142014 =990 ##$$a 40184018 =990 ##$$a 00092257 =990 ##$$a 21400613/BPAP-NTB/20142014 =990 ##$$a 21400613/BPAP-NTB/20142014